<?xml version="1.0" encoding="UTF-8"?>
<collection xmlns="http://www.loc.gov/MARC21/slim">
 <record>
  <leader>02176nam a22005297a 4500</leader>
  <controlfield tag="001">000087007</controlfield>
  <controlfield tag="003">CZ-PrVSE</controlfield>
  <controlfield tag="005">20100601095243.0</controlfield>
  <controlfield tag="008">050426s2005    xr a   frb    000 0 cze d</controlfield>
  <datafield tag="015" ind1=" " ind2=" ">
   <subfield code="a">cnb001531974</subfield>
  </datafield>
  <datafield tag="020" ind1=" " ind2=" ">
   <subfield code="a">80-247-1195-8</subfield>
   <subfield code="q">(brož.)</subfield>
  </datafield>
  <datafield tag="035" ind1=" " ind2=" ">
   <subfield code="a">(OCoLC)85142853</subfield>
  </datafield>
  <datafield tag="040" ind1=" " ind2=" ">
   <subfield code="a">ABA006</subfield>
   <subfield code="b">cze</subfield>
   <subfield code="c">ABA006</subfield>
   <subfield code="d">ABA006</subfield>
  </datafield>
  <datafield tag="072" ind1=" " ind2="7">
   <subfield code="a">657</subfield>
   <subfield code="x">Účetnictví</subfield>
   <subfield code="2">Konspekt</subfield>
   <subfield code="9">4</subfield>
  </datafield>
  <datafield tag="072" ind1=" " ind2="9">
   <subfield code="a">657</subfield>
   <subfield code="x">Accounting</subfield>
   <subfield code="2">Conspectus</subfield>
   <subfield code="9">4</subfield>
  </datafield>
  <datafield tag="080" ind1=" " ind2=" ">
   <subfield code="a">657</subfield>
   <subfield code="2">MRF</subfield>
  </datafield>
  <datafield tag="080" ind1=" " ind2=" ">
   <subfield code="a">657:005</subfield>
   <subfield code="2">MRF</subfield>
  </datafield>
  <datafield tag="080" ind1=" " ind2=" ">
   <subfield code="a">657.12</subfield>
   <subfield code="2">MRF</subfield>
  </datafield>
  <datafield tag="080" ind1=" " ind2=" ">
   <subfield code="a">658.14/.15</subfield>
   <subfield code="2">MRF</subfield>
  </datafield>
  <datafield tag="080" ind1=" " ind2=" ">
   <subfield code="a">(035)</subfield>
   <subfield code="2">MRF</subfield>
  </datafield>
  <datafield tag="099" ind1=" " ind2="9">
   <subfield code="a">657.1SED</subfield>
  </datafield>
  <datafield tag="100" ind1="1" ind2=" ">
   <subfield code="a">Sedláček, Jaroslav,</subfield>
   <subfield code="d">1942-</subfield>
   <subfield code="7">ola2002103781</subfield>
   <subfield code="4">aut</subfield>
  </datafield>
  <datafield tag="245" ind1="1" ind2="0">
   <subfield code="a">Účetnictví pro manažery /</subfield>
   <subfield code="c">Jaroslav Sedláček</subfield>
  </datafield>
  <datafield tag="250" ind1=" " ind2=" ">
   <subfield code="a">1. vyd.</subfield>
  </datafield>
  <datafield tag="260" ind1=" " ind2=" ">
   <subfield code="a">Praha :</subfield>
   <subfield code="b">Grada,</subfield>
   <subfield code="c">2005</subfield>
  </datafield>
  <datafield tag="300" ind1=" " ind2=" ">
   <subfield code="a">226 s.</subfield>
  </datafield>
  <datafield tag="490" ind1="1" ind2=" ">
   <subfield code="a">Účetnictví a daně</subfield>
  </datafield>
  <datafield tag="504" ind1=" " ind2=" ">
   <subfield code="a">Obsahuje bibliografii</subfield>
  </datafield>
  <datafield tag="650" ind1="0" ind2="7">
   <subfield code="a">účetnictví</subfield>
   <subfield code="7">ph116911</subfield>
   <subfield code="2">czenas</subfield>
  </datafield>
  <datafield tag="650" ind1="0" ind2="7">
   <subfield code="a">manažerské účetnictví</subfield>
   <subfield code="7">ph115220</subfield>
   <subfield code="2">czenas</subfield>
  </datafield>
  <datafield tag="650" ind1="0" ind2="7">
   <subfield code="a">podvojné účetnictví</subfield>
   <subfield code="7">ph115767</subfield>
   <subfield code="2">czenas</subfield>
  </datafield>
  <datafield tag="650" ind1="0" ind2="7">
   <subfield code="a">cash flow</subfield>
   <subfield code="7">ph191032</subfield>
   <subfield code="2">czenas</subfield>
  </datafield>
  <datafield tag="655" ind1=" " ind2="7">
   <subfield code="a">příručky</subfield>
   <subfield code="7">fd133209</subfield>
   <subfield code="2">czenas</subfield>
  </datafield>
  <datafield tag="650" ind1="0" ind2="9">
   <subfield code="a">accounting</subfield>
   <subfield code="2">eczenas</subfield>
  </datafield>
  <datafield tag="650" ind1="0" ind2="9">
   <subfield code="a">managerial accounting</subfield>
   <subfield code="2">eczenas</subfield>
  </datafield>
  <datafield tag="650" ind1="0" ind2="9">
   <subfield code="a">double-entry bookkeeping</subfield>
   <subfield code="2">eczenas</subfield>
  </datafield>
  <datafield tag="650" ind1="0" ind2="9">
   <subfield code="a">cash flow</subfield>
   <subfield code="2">eczenas</subfield>
  </datafield>
  <datafield tag="655" ind1=" " ind2="9">
   <subfield code="a">handbooks and manuals</subfield>
   <subfield code="2">eczenas</subfield>
  </datafield>
  <datafield tag="830" ind1=" " ind2="0">
   <subfield code="a">Účetnictví a daně (Grada)</subfield>
  </datafield>
  <datafield tag="993" ind1=" " ind2=" ">
   <subfield code="a">002159391</subfield>
  </datafield>
  <datafield tag="996" ind1=" " ind2=" ">
   <subfield code="1">HSTU1</subfield>
   <subfield code="3">A 5235-V1</subfield>
   <subfield code="4">N:P</subfield>
   <subfield code="5">4202123060</subfield>
   <subfield code="8">20050503</subfield>
   <subfield code="9">657.1SED</subfield>
   <subfield code="f">85</subfield>
   <subfield code="l">UEP01</subfield>
   <subfield code="m">BOOK</subfield>
   <subfield code="q">Knihovna FM JH studovna I</subfield>
   <subfield code="t">prezenční</subfield>
   <subfield code="u">UEP01</subfield>
   <subfield code="w">20050503</subfield>
  </datafield>
  <datafield tag="996" ind1=" " ind2=" ">
   <subfield code="1">PJMSK</subfield>
   <subfield code="3">F191664b</subfield>
   <subfield code="4">N:P</subfield>
   <subfield code="5">3142190112</subfield>
   <subfield code="8">20050426</subfield>
   <subfield code="9">657.1SED</subfield>
   <subfield code="f">81</subfield>
   <subfield code="g">4837</subfield>
   <subfield code="l">UEP01</subfield>
   <subfield code="m">BOOK</subfield>
   <subfield code="q">Knihovna JM - sklad</subfield>
   <subfield code="t">na 1 měsíc</subfield>
   <subfield code="u">UEP01</subfield>
   <subfield code="w">20050520</subfield>
  </datafield>
  <datafield tag="996" ind1=" " ind2=" ">
   <subfield code="1">PSKLA</subfield>
   <subfield code="3">F191664a</subfield>
   <subfield code="4">N:P</subfield>
   <subfield code="5">3142190111</subfield>
   <subfield code="8">20050426</subfield>
   <subfield code="9">657.1SED</subfield>
   <subfield code="f">81</subfield>
   <subfield code="g">4837</subfield>
   <subfield code="l">UEP01</subfield>
   <subfield code="m">BOOK</subfield>
   <subfield code="q">Knihovna Žižkov - sklad</subfield>
   <subfield code="t">na 1 měsíc</subfield>
   <subfield code="u">UEP01</subfield>
   <subfield code="w">20050520</subfield>
  </datafield>
  <datafield tag="996" ind1=" " ind2=" ">
   <subfield code="1">PSKLA</subfield>
   <subfield code="3">F191664c</subfield>
   <subfield code="4">N:P</subfield>
   <subfield code="5">3142204494</subfield>
   <subfield code="8">20061011</subfield>
   <subfield code="9">657.1SED</subfield>
   <subfield code="f">81</subfield>
   <subfield code="g">10119</subfield>
   <subfield code="l">UEP01</subfield>
   <subfield code="m">BOOK</subfield>
   <subfield code="q">Knihovna Žižkov - sklad</subfield>
   <subfield code="t">na 1 měsíc</subfield>
   <subfield code="u">UEP01</subfield>
   <subfield code="w">20061013</subfield>
  </datafield>
  <datafield tag="996" ind1=" " ind2=" ">
   <subfield code="1">PSTUD</subfield>
   <subfield code="3">F191664</subfield>
   <subfield code="4">N:P</subfield>
   <subfield code="5">3142190110</subfield>
   <subfield code="8">20050426</subfield>
   <subfield code="9">657.1SED</subfield>
   <subfield code="f">81</subfield>
   <subfield code="g">4837</subfield>
   <subfield code="l">UEP01</subfield>
   <subfield code="m">BOOK</subfield>
   <subfield code="q">Studovna Žižkov</subfield>
   <subfield code="t">na 1 měsíc</subfield>
   <subfield code="u">UEP01</subfield>
   <subfield code="w">20050520</subfield>
  </datafield>
 </record>
</collection>
